ՀՀ Գիտությունների ազգային ակադեմիայի հիմնարար գիտական գրադարան  =   Fundamental Scientific Library of NAS RA

Այր հայրենյաց : (Record no. 541233)

MARC details
000 -LEADER
fixed length control field 01570nam a2200301 a 4500
001 - CONTROL NUMBER
control field 000533006
003 - CONTROL NUMBER IDENTIFIER
control field AM-YEHGA
005 - DATE AND TIME OF LATEST TRANSACTION
control field 20260309155120.0
008 - FIXED-LENGTH DATA ELEMENTS--GENERAL INFORMATION
fixed length control field 070420s2007 ai | |||| |0||| arm d
020 ## - INTERNATIONAL STANDARD BOOK NUMBER
Canceled/invalid ISBN 978-99930-4-695-0
040 ## - CATALOGING SOURCE
Original cataloging agency AM-YeHGA
041 1# - LANGUAGE CODE
Language code of text/sound track or separate title arm
Language code of original rus
100 1# - MAIN ENTRY--PERSONAL NAME
Personal name Այվազյան, Սուրեն Բախշիի,
Dates associated with a name 1915-1981
9 (RLIN) 88
245 10 - TITLE STATEMENT
Title Այր հայրենյաց :
Remainder of title Պատմական վեպ /
Statement of responsibility, etc. Ս. Այվազյան ; Խմբ.՝ Մ. Միրիջանյան ; Թարգմ.՝ Ն. Սանոյան, Ալ. Ասլանյան ; Գեղանկ.՝ Վ. Ղարիբյան.
260 ## - PUBLICATION, DISTRIBUTION, ETC.
Place of publication, distribution, etc. Երևան :
Name of publisher, distributor, etc. Հեղ. հրատ.,
Date of publication, distribution, etc. 2007.
300 ## - PHYSICAL DESCRIPTION
Extent 1295 էջ :
Other physical details նկ., գունանկ., դիմանկ. ;
Dimensions 26 սմ.
500 ## - GENERAL NOTE
General note Գրքում տեղադրված 12 գեղանկարները Վ. Ղարիբյանի
500 ## - GENERAL NOTE
General note Ծանոթագր., էջ՝ 3
505 0# - FORMATTED CONTENTS NOTE
Formatted contents note Բովանդ.՝ Երկաթե դարի արշալույսին (գ. 1); Զարադուստրի տիեզերքը (Դյուցազներգություն 4 գրքով); Ճակատագրի ճամփաներով (գ. 2)
546 ## - LANGUAGE NOTE
Language note Գրքի բնագիրը ռուսերեն լեզվով (2002թ.)
650 14 - SUBJECT ADDED ENTRY--TOPICAL TERM
Topical term or geographic name entry element Հայ գրականություն
General subdivision Պատմավեպ
653 0# - INDEX TERM--UNCONTROLLED
Uncontrolled term Հայոց պատմություն
700 1# - ADDED ENTRY--PERSONAL NAME
Personal name Սանոյան, Նարինե
Relator term թարգմ.
Relationship trl
700 1# - ADDED ENTRY--PERSONAL NAME
Personal name Ասլանյան, Ալեքսանդր
Relator term թարգմ.
Relationship trl
9 (RLIN) 6071
700 1# - ADDED ENTRY--PERSONAL NAME
Personal name Միրիջանյան, Միքայել
Relator term խմբ.
Relationship edt
700 1# - ADDED ENTRY--PERSONAL NAME
Personal name Ղարիբյան, Վահան
Relator term գեղանկ.
Relationship art
942 ## - ADDED ENTRY ELEMENTS (KOHA)
Source of classification or shelving scheme Universal Decimal Classification
Koha item type Գրքեր / Books
Holdings
Withdrawn status Lost status Damaged status Not for loan Collection Home library Current library Date acquired Total checkouts Full call number Barcode Date last seen Price effective from Koha item type Public note
        General Fundamental Scientific Library Fundamental Scientific Library 13/02/2026   AII/114289 FL0702669 13/02/2026 13/02/2026 Գրքեր / Books 30 Days Loan


ՀՀ ԳԱԱ հիմնարար գիտական գրադարան
ՀՀ,Երևան 0019
Մարշալ Բաղրամյան 24/6
հեռախոս:(374-10) 52-47-50
Հետադարձ կապ

All site content, except where otherwise noted, is licensed under a
Creative Commons License